| Tag |
First Indicator |
Second Indicator |
Subfields |
| LEADER |
00000cam a2200000 a 4500 |
| 001 |
in00001492607 |
| 005 |
20151021092211.0 |
| 008 |
990728s1999 gw 000 1 gersd |
| 020 |
|
|
|a 3770149599
|
| 035 |
|
|
|a (OCoLC)41981430
|
| 035 |
|
|
|9 AJK3127AM
|
| 040 |
|
|
|a OHX
|b ger
|c OHX
|d RCE
|d TXA
|d UtOrBLW
|
| 049 |
|
|
|a TXAM
|
| 072 |
|
7 |
|a PT
|2 lcco
|
| 090 |
|
|
|a PT2681.T189
|b H56 1999
|
| 100 |
1 |
|
|a Stadler, Arnold.
|
| 245 |
1 |
4 |
|a Ein hinreissender Schrotthändler :
|b Roman /
|c Arnold Stadler.
|
| 264 |
|
1 |
|a Köln :
|b DuMont,
|c 1999.
|
| 300 |
|
|
|a 237 pages ;
|c 21 cm.
|
| 336 |
|
|
|a text
|b txt
|2 rdacontent
|
| 337 |
|
|
|a unmediated
|b n
|2 rdamedia
|
| 338 |
|
|
|a volume
|b nc
|2 rdacarrier
|
| 948 |
|
|
|a c:jal
|
| 999 |
|
|
|a MARS
|
| 999 |
f |
f |
|s 7521c6a8-a813-32cb-9fd2-94542fca3766
|i d9966596-7855-302a-8aa0-10008887cd07
|t 0
|
| 952 |
f |
f |
|p ric
|a Texas A&M University
|b Rellis Campus
|c Joint Library Facility
|d Remote Storage
|t 0
|e PT2681.T189 H56 1999
|h Library of Congress classification
|i unmediated -- volume
|m A14818553917
|
| 998 |
f |
f |
|a PT2681.T189 H56 1999
|t 0
|l Remote Storage
|